[Event "6th Karoun Masters Cup 2019"]
[Site "Ahvaz"]
[Date "2019.02.22"]
[Round "3.3"]
[White "Sedaghati, Mehrdad"]
[Black "Abbasifar, Hasan"]
[Result "0-1"]
[WhiteElo "2219"]
[BlackElo "2401"]
[Annotator "NA"]
[PlyCount "116"]
[EventDate "2019.02.21"]
[EventType "swiss"]
[EventRounds "9"]
[EventCountry "IRI"]
[SourceTitle "playchess.com"]
[Source "ChessBase"]
[SourceQuality "1"]
[TimeControl "5400+30"]

1. e4 {[%emt 0:00:15]} d6 {[%emt 0:00:00]} 2. d4 {[%emt 0:00:09]} g6 {[%emt 0:00:00]} 3. Nc3 {[%emt 0:00:18]} Bg7 {[%emt 0:00:00]} 4. Be3 {[%emt 0:00:08]} a6 {[%emt 0:00:00]} 5. Qd2 {[%emt 0:00:22]} b5 {[%emt 0:00:33]} 6. f3 {[%emt 0:00:40]} Nd7 {[%emt 0:01:05]} 7. h4 {[%emt 0:06:29]} Ngf6 {[%emt 0:01:27]} 8. g4 {[%emt 0:12:18]} h5 {[%emt 0:00:32]} 9. g5 {[%emt 0:00:46]} Ng8 {[%emt 0:00:54]} 10. f4 {[%emt 0:02:49]} Bb7 {[%emt 0:01:28]} 11. Bg2 {[%emt 0:16:56]} Nb6 {[%emt 0:02:07]} 12. b3 {[%emt 0:06:14]} e6 {[%emt 0:00:23]} 13. Nge2 {[%emt 0:05:27]} Ne7 {[%emt 0:09:16]} 14. Ng3 {[%emt 0:00:26]} c5 {[%emt 0:04:15]} 15. Nce2 {[%emt 0:03:32]} Qc7 {[%emt 0:15:18]} 16. O-O {[%emt 0:06:43]} cxd4 {[%emt 0:07:37]} 17. Bxd4 {[%emt 0:00:21]} Bxd4+ {[%emt 0:03:54]} 18. Nxd4 {[%emt 0:03:44]} d5 {[%emt 0:13:12]} 19. e5 {[%emt 0:00:29]} Rc8 {[%emt 0:00:02]} 20. Nge2 {[%emt 0:01:26]} Nd7 {[%emt 0:00:33]} 21. a4 {[%emt 0:01:30]} bxa4 {[%emt 0:01:48]} 22. Rxa4 {[%emt 0:00:08]} Nc5 {[%emt 0:00:56]} 23. Ra2 {[%emt 0:00:29]} O-O {[%emt 0:00:49]} 24. Qa5 {[%emt 0:01:18]} Qd7 {[%emt 0:02:55]} 25. Rd1 {[%emt 0:02:20]} Rc7 {[%emt 0:04:55]} 26. Raa1 {[%emt 0:01:21]} Qc8 {[%emt 0:00:13]} 27. Qd2 {[%emt 0:03:19]} Re8 {[%emt 0:03:32]} 28. Qe3 {[%emt 0:00:23]} Rd8 {[%emt 0:02:18]} 29. Ng3 {[%emt 0:06:50]} Nf5 {[%emt 0:02:58]} 30. Ngxf5 {[%emt 0:00:53]} exf5 {[%emt 0:00:01]} 31. Bf1 {[%emt 0:00:37]} Ne4 {[%emt 0:00:14]} 32. Ra5 {[%emt 0:03:26]} Rc3 {[%emt 0:00:47]} 33. Rd3 {[%emt 0:00:01]} Rc7 {[%emt 0:00:51]} 34. Qe1 {[%emt 0:01:26]} Qb8 {[%emt 0:03:24]} 35. Ra2 {[%emt 0:00:32]} Qc8 {[%emt 0:00:41]} 36. Qb4 {[%emt 0:01:02]} Re8 {[%emt 0:00:57]} 37. Re3 {[%emt 0:00:59]} Nc3 {[%emt 0:01:42]} 38. Ra1 {[%emt 0:00:01]} Ne4 {[%emt 0:01:00]} 39. Qb6 {[%emt 0:01:38]} Rc3 {[%emt 0:00:02]} 40. Bd3 {[%emt 0:00:37]} Qb8 {[%emt 0:06:31]} 41. Re2 {[%emt 0:00:18]} Qc8 {[%emt 0:00:25]} 42. Rg2 {[%emt 0:00:52]} Nc5 {[%emt 0:01:15]} 43. Rd2 {[%emt 0:04:39]} Ne4 {[%emt 0:02:24]} 44. Re2 {[%emt 0:00:36]} Nc5 {[%emt 0:00:39]} 45. Rd1 {[%emt 0:00:17]} Ne4 {[%emt 0:00:21]} 46. Rde1 {[%emt 0:02:02]} Rc5 {[%emt 0:00:49]} 47. Re3 {[%emt 0:00:26]} Rc3 {[%emt 0:00:23]} 48. Bf1 {[%emt 0:00:58]} Rc5 {[%emt 0:00:41]} 49. Qb4 {[%emt 0:02:54]} Qc7 {[%emt 0:00:20]} 50. Ra1 {[%emt 0:00:10]} Rb8 {[%emt 0:02:41]} 51. Qe1 {[%emt 0:00:01]} Qb6 {[%emt 0:00:28]} 52. Kg2 {[%emt 0:01:12]} Rbc8 {[%emt 0:00:01]} 53. Rd1 {[%emt 0:01:28]} R5c7 {[%emt 0:02:02]} 54. Rdd3 {[%emt 0:00:36]} Nc5 {[%emt 0:00:53]} 55. Rd2 {[%emt 0:00:57]} Ne6 {[%emt 0:00:17]} 56. Nxe6 {[%emt 0:01:22]} d4+ {[%emt 0:00:04]} 57. Kg1 {[%emt 0:00:28]} dxe3 {[%emt 0:00:42]} 58. Rd6 {[%emt 0:00:03]} Rc6 {[%emt 0:00:09]} 0-1

[Event "6th Karoun Masters Cup 2019"]
[Site "Ahvaz"]
[Date "2019.02.22"]
[Round "3.4"]
[White "Gholami Orimi, Mahdi"]
[Black "Babaniya, Benyamin"]
[Result "1-0"]
[WhiteElo "2375"]
[BlackElo "2184"]
[Annotator "NA"]
[PlyCount "99"]
[EventDate "2019.02.21"]
[EventType "swiss"]
[EventRounds "9"]
[EventCountry "IRI"]
[SourceTitle "playchess.com"]
[Source "ChessBase"]
[SourceQuality "1"]
[TimeControl "5400+30"]

1. d4 {[%emt 0:00:00]} f5 {[%emt 0:00:02]} 2. g3 {[%emt 0:00:00]} Nf6 {[%emt 0:00:05]} 3. Bg2 {[%emt 0:00:00]} e6 {[%emt 0:00:13]} 4. c4 {[%emt 0:00:49]} c6 {[%emt 0:00:03]} 5. Nh3 {[%emt 0:01:10]} d5 {[%emt 0:00:21]} 6. O-O {[%emt 0:00:44]} Bd6 {[%emt 0:00:19]} 7. Bf4 {[%emt 0:01:17]} O-O {[%emt 0:03:04]} 8. Bxd6 {[%emt 0:14:03]} Qxd6 {[%emt 0:00:30]} 9. Nf4 {[%emt 0:00:59]} Nbd7 {[%emt 0:05:54]} 10. h4 {[%emt 0:05:34]} b6 {[%emt 0:10:18]} 11. Nd2 {[%emt 0:00:41]} Bb7 {[%emt 0:01:07]} 12. Qb3 {[%emt 0:02:44]} Rae8 {[%emt 0:11:38]} 13. Rfd1 {[%emt 0:18:07]} Kh8 {[%emt 0:11:39]} 14. Rac1 {[%emt 0:01:44]} Qb8 {[%emt 0:04:01]} 15. Qa4 {[%emt 0:08:10]} a6 {[%emt 0:04:54]} 16. Nf3 {[%emt 0:02:10]} b5 {[%emt 0:05:12]} 17. cxb5 {[%emt 0:01:44]} axb5 {[%emt 0:00:02]} 18. Qb4 {[%emt 0:02:00]} e5 {[%emt 0:05:41]} 19. dxe5 {[%emt 0:00:51]} Nxe5 {[%emt 0:00:07]} 20. Rc2 {[%emt 0:08:09]} Nxf3+ {[%emt 0:03:21]} 21. exf3 {[%emt 0:00:54]} Nd7 {[%emt 0:01:40]} 22. Nd3 {[%emt 0:04:01]} Ne5 {[%emt 0:05:05]} 23. Nxe5 {[%emt 0:05:07]} Rxe5 {[%emt 0:00:20]} 24. f4 {[%emt 0:00:18]} Ree8 {[%emt 0:01:33]} 25. Bf3 {[%emt 0:00:34]} Qa7 {[%emt 0:02:08]} 26. b3 {[%emt 0:03:02]} Ba8 {[%emt 0:02:37]} 27. Kg2 {[%emt 0:01:28]} Qe7 {[%emt 0:02:13]} 28. Qc3 {[%emt 0:02:24]} Qf6 {[%emt 0:01:27]} 29. Qc5 {[%emt 0:00:28]} Qe7 {[%emt 0:00:23]} 30. Qb6 {[%emt 0:01:25]} Qd8 {[%emt 0:01:46]} 31. Qa6 {[%emt 0:05:18]} Qc8 {[%emt 0:01:12]} 32. Qa3 {[%emt 0:00:11]} Qd8 {[%emt 0:00:48]} 33. Qc1 {[%emt 0:00:03]} Qb6 {[%emt 0:01:48]} 34. Re1 {[%emt 0:02:50]} Qd8 {[%emt 0:04:19]} 35. Rce2 {[%emt 0:02:33]} Rxe2 {[%emt 0:00:33]} 36. Rxe2 {[%emt 0:00:05]} Re8 {[%emt 0:00:03]} 37. Qc5 {[%emt 0:01:56]} Rxe2 {[%emt 0:00:27]} 38. Bxe2 {[%emt 0:00:03]} Kg8 {[%emt 0:00:33]} 39. Bd3 {[%emt 0:01:13]} g6 {[%emt 0:00:35]} 40. h5 {[%emt 0:01:17]} Qf8 {[%emt 0:00:26]} 41. Qa7 {[%emt 0:00:12]} b4 {[%emt 0:01:55]} 42. Kg1 {[%emt 0:01:23]} c5 {[%emt 0:00:37]} 43. Bb5 {[%emt 0:01:55]} gxh5 {[%emt 0:00:54]} 44. Bd7 {[%emt 0:00:10]} d4 {[%emt 0:01:56]} 45. Be6+ {[%emt 0:00:16]} Kh8 {[%emt 0:00:04]} 46. Qc7 {[%emt 0:00:12]} Qf6 {[%emt 0:01:10]} 47. Qc8+ {[%emt 0:02:15]} Kg7 {[%emt 0:00:05]} 48. Qg8+ {[%emt 0:00:02]} Kh6 {[%emt 0:00:03]} 49. Bf7 {[%emt 0:01:04]} Bf3 {[%emt 0:01:02]} 50. Qf8+ {[%emt 0:00:10]} 1-0

[Event "6th Karoun Masters Cup 2019"]
[Site "Ahvaz"]
[Date "2019.02.22"]
[Round "3.5"]
[White "Bernadskiy, Vitaliy"]
[Black "Mohammadi, Reza"]
[Result "1-0"]
[WhiteElo "2570"]
[BlackElo "1929"]
[Annotator "ChessBase"]
[PlyCount "83"]
[EventDate "2019.02.21"]
[EventType "swiss"]
[EventRounds "9"]
[EventCountry "IRI"]
[SourceTitle "playchess.com"]
[Source "ChessBase"]
[SourceQuality "1"]
[TimeControl "5400+30"]

1. e4 {[%emt 0:00:00]} c5 {[%emt 0:01:40]} 2. Nf3 {[%emt 0:00:00]} Nc6 {[%emt 0:00:04]} 3. Bb5 {[%emt 0:00:00]} Nf6 {[%emt 0:00:06]} 4. Nc3 {[%emt 0:00:00]} Qc7 {[%emt 0:03:10]} 5. O-O {[%emt 0:00:52]} Nd4 {[%emt 0:00:20]} 6. Re1 {[%emt 0:01:24]} Ng4 {[%emt 0:02:44]} 7. g3 {[%emt 0:03:19]} Nxf3+ {[%emt 0:00:55]} 8. Qxf3 {[%emt 0:00:05]} Ne5 {[%emt 0:00:06]} 9. Qd1 {[%emt 0:01:44]} e6 {[%emt 0:06:12]} 10. Bf1 {[%emt 0:00:53]} Be7 {[%emt 0:01:39]} 11. Bg2 {[%emt 0:03:47]} O-O {[%emt 0:10:27]} 12. d3 {[%emt 0:00:09]} a6 {[%emt 0:01:40]} 13. Be3 {[%emt 0:00:46]} Nc6 {[%emt 0:00:57]} 14. Ne2 {[%emt 0:00:27]} b5 {[%emt 0:04:52]} 15. c3 {[%emt 0:02:14]} Bb7 {[%emt 0:01:33]} 16. d4 {[%emt 0:00:21]} d6 {[%emt 0:01:16]} 17. Nf4 {[%emt 0:00:29]} Na5 {[%emt 0:05:32]} 18. b3 {[%emt 0:03:12]} Rad8 {[%emt 0:02:07]} 19. Rc1 {[%emt 0:04:34]} e5 {[%emt 0:12:38]} 20. Nd3 {[%emt 0:00:09]} f5 {[%emt 0:04:58]} 21. exf5 {[%emt 0:02:05]} Bxg2 {[%emt 0:02:28]} 22. Kxg2 {[%emt 0:00:05]} c4 {[%emt 0:08:38]} 23. Nb4 {[%emt 0:00:49]} Rxf5 {[%emt 0:00:47]} 24. Qc2 {[%emt 0:00:49]} Qb7+ {[%emt 0:01:20]} 25. Kg1 {[%emt 0:00:32]} Rdf8 {[%emt 0:00:31]} 26. Rcd1 {[%emt 0:00:29]} h5 {[%emt 0:00:31]} 27. dxe5 {[%emt 0:00:38]} dxe5 {[%emt 0:00:16]} 28. Nd5 {[%emt 0:00:22]} Bg5 {[%emt 0:04:12]} 29. Bc5 {[%emt 0:01:12]} R8f7 {[%emt 0:00:38]} 30. h4 {[%emt 0:00:14]} cxb3 {[%emt 0:15:35]} 31. axb3 {[%emt 0:00:47]} Qc6 {[%emt 0:01:09]} 32. b4 {[%emt 0:03:27]} Bxh4 {[%emt 0:00:41]} 33. gxh4 {[%emt 0:00:32]} Qg6+ {[%emt 0:00:42]} 34. Kh1 {[%emt 0:00:30]} Qg4 {[%emt 0:01:15]} 35. Qe4 {[%emt 0:00:10]} Qh3+ {[%emt 0:01:41]} 36. Kg1 {[%emt 0:00:03]} Nc6 {[%emt 0:00:15]} 37. Rd3 {[%emt 0:00:51]} Rf3 {[%emt 0:00:29]} 38. Rxf3 {[%emt 0:00:11]} Rxf3 {[%emt 0:00:54]} 39. Re3 {[%emt 0:00:04]} Rxe3 {[%emt 0:00:20]} 40. Nxe3 {[%emt 0:00:04]} Nd8 {[%emt 0:01:45]} 41. Qa8 {[%emt 0:00:13]} Qxh4 {[%emt 0:00:44]} 42. Bb6 {[%emt 0:00:04]} 1-0

[Event "6th Karoun Masters Cup 2019"]
[Site "Ahvaz"]
[Date "2019.02.22"]
[Round "3.6"]
[White "Grigoryan, Karen H."]
[Black "Lomsadze, Davit"]
[Result "1/2-1/2"]
[WhiteElo "2590"]
[BlackElo "2286"]
[Annotator "TA"]
[PlyCount "120"]
[EventDate "2019.02.21"]
[EventType "swiss"]
[EventRounds "9"]
[EventCountry "IRI"]
[SourceTitle "playchess.com"]
[Source "ChessBase"]
[SourceQuality "1"]

{[%evp 18,120,38,35,36,33,42,36,39,15,6,0,0,0,31,9,13,14,6,6,10,14,16,-16,14,-17,-16,-24,0,0,-1,-21,-19,-47,-52,-45,-53,-35,-35,-35,0,-25,-22,-27,15,11,21,16,44,6,14,0,12,3,59,42,60,50,63,20,20,21,22,14,43,21,70,70,51,0,0,0,8,8,8,8,8,8,8,8,8,8,12,12,14,0,0,0,8,8,8,4,8,8,8,8,27,27,79,8,8,8,10,8,241]} 1. d4 Nf6 2. Nf3 e6 3. c4 c5 4. d5 exd5 5. cxd5 d6 6. Nc3 g6 7. Bf4 a6 8. a4 Bg7 9. h3 O-O 10. e3 Ne8 {A61: Modern Benoni: Nf3 without early e4} 11. Be2 Nd7 12. O-O Ne5 {White is slightly better.} 13. Nxe5 dxe5 14. Bh2 Nd6 15. a5 f5 $146 ({Predecessor:} 15... Bd7 16. e4 f5 17. f3 f4 18. Kh1 {1-0 (27) Martirosyan,H (2607)-Boyer,M (2226) Zuerich 2018}) 16. Qd2 Bd7 17. Na4 Bxa4 18. Rxa4 Rc8 19. Rc1 Qd7 20. Raa1 Rfd8 21. Rc2 c4 22. Qc3 h6 23. Rac1 Kh7 24. Qa3 Qb5 25. Qa2 Qxd5 26. Rd1 Qg8 27. Qa4 Ne4 {Threatens to win with ...Rxd1+.} 28. Rdc1 {[%cal Rc2c4]} Nd6 29. g4 Qe6 30. Rd1 Ne4 {...Rxd1+ is the strong threat.} 31. Rxd8 Rxd8 32. Qxc4 Qf6 33. Kg2 (33. Qc7 $5 {[%cal Rh2e5]} fxg4 34. Bxg4 $14) 33... h5 34. f3 Nd6 35. Qb4 Rf8 (35... Rd7 $11) 36. Bg3 fxg4 37. fxg4 h4 38. g5 Qxg5 39. Qxh4+ Qxh4 40. Bxh4 e4 41. b4 Rc8 42. Rxc8 Nxc8 $14 {[%mdl 4096] Endgame KBB-KBN} 43. b5 (43. Bg4 $14 Nd6 44. Be6) 43... axb5 $11 44. Bxb5 Bc3 45. Bd8 {aiming for Bc4.} Nd6 46. Be2 Kg7 47. Bc7 Nf5 48. Kf2 Bd2 49. Bb6 Nd6 50. Kg3 Kf6 51. Bd8+ Ke5 52. Bb6 Nf5+ 53. Kf2 Nd6 54. Bc7 Kd5 55. a6 bxa6 56. Bxa6 Nf5 57. Bb7+ Ke6 (57... Kc5 $11) 58. Bc8+ ({White should try} 58. Ke2 $16 Bb4 59. Bxe4) 58... Kf6 {The position is equal.} 59. Bd8+ Ke5 60. Bg5 Bxe3+ $2 {Accuracy: White = 48%, Black = 46%.} (60... Bb4 $11) 1/2-1/2

[Event "6th Karoun Masters Cup 2019"]
[Site "Ahvaz"]
[Date "2019.02.23"]
[Round "4.1"]
[White "Lorparizangeneh, Shahin"]
[Black "Gholami Orimi, Mahdi"]
[Result "1-0"]
[WhiteElo "2493"]
[BlackElo "2375"]
[Annotator "ChessBase"]
[PlyCount "111"]
[EventDate "2019.02.21"]
[EventType "swiss"]
[EventRounds "9"]
[EventCountry "IRI"]
[SourceTitle "playchess.com"]
[Source "ChessBase"]
[SourceQuality "1"]
[TimeControl "5400+30"]

1. d4 {[%emt 0:03:40]} Nf6 {[%emt 0:00:00]} 2. c4 {[%emt 0:00:05]} e6 {[%emt 0:00:18]} 3. Nf3 {[%emt 0:00:28]} d5 {[%emt 0:00:15]} 4. g3 {[%emt 0:00:37]} Bb4+ {[%emt 0:00:15]} 5. Nc3 {[%emt 0:01:53]} O-O {[%emt 0:14:24]} 6. Bg2 {[%emt 0:01:04]} c5 {[%emt 0:02:26]} 7. O-O {[%emt 0:14:53]} cxd4 {[%emt 0:02:01]} 8. Nxd4 {[%emt 0:00:09]} dxc4 {[%emt 0:04:33]} 9. Qa4 {[%emt 0:16:02]} Bxc3 {[%emt 0:05:14]} 10. bxc3 {[%emt 0:01:37]} e5 {[%emt 0:01:47]} 11. Nb5 {[%emt 0:08:02]} a6 {[%emt 0:01:39]} 12. Ba3 {[%emt 0:22:18]} Bd7 {[%emt 0:11:59]} 13. Rfd1 {[%emt 0:01:17]} Qc8 {[%emt 0:20:45]} 14. Bxf8 {[%emt 0:05:39]} Bxb5 {[%emt 0:16:18]} 15. Qa5 {[%emt 0:01:46]} Nc6 {[%emt 0:01:40]} 16. Qa3 {[%emt 0:03:41]} Qg4 {[%emt 0:03:09]} 17. Be7 {[%emt 0:01:25]} Qxe2 {[%emt 0:01:06]} 18. Bxf6 {[%emt 0:00:56]} gxf6 {[%emt 0:00:05]} 19. Qc5 {[%emt 0:00:39]} Ba4 {[%emt 0:01:36]} 20. Re1 {[%emt 0:00:30]} Qd3 {[%emt 0:04:41]} 21. Re3 {[%emt 0:00:56]} Qd7 {[%emt 0:00:55]} 22. Qxc4 {[%emt 0:00:44]} Bc2 {[%emt 0:00:05]} 23. Qe2 {[%emt 0:01:50]} Bg6 {[%emt 0:00:32]} 24. Rd1 {[%emt 0:00:25]} Qe6 {[%emt 0:00:23]} 25. h4 {[%emt 0:01:15]} h6 {[%emt 0:00:25]} 26. Bd5 {[%emt 0:01:33]} Qc8 {[%emt 0:01:35]} 27. Qc4 {[%emt 0:03:24]} Kg7 {[%emt 0:00:30]} 28. Be4 {[%emt 0:01:14]} Qg4 {[%emt 0:00:37]} 29. Rde1 {[%emt 0:04:00]} Rc8 {[%emt 0:00:39]} 30. Qf1 {[%emt 0:01:02]} Rc7 {[%emt 0:00:44]} 31. Bxg6 {[%emt 0:00:19]} Qxg6 {[%emt 0:00:03]} 32. Qd3 {[%emt 0:00:57]} Qxd3 {[%emt 0:01:43]} 33. Rxd3 {[%emt 0:00:01]} Na7 {[%emt 0:00:19]} 34. a4 {[%emt 0:01:11]} b5 {[%emt 0:01:35]} 35. Re4 {[%emt 0:00:42]} h5 {[%emt 0:01:28]} 36. Kg2 {[%emt 0:01:02]} Rc5 {[%emt 0:01:32]} 37. Rd7 {[%emt 0:00:34]} Nc6 {[%emt 0:00:33]} 38. axb5 {[%emt 0:00:24]} axb5 {[%emt 0:00:02]} 39. Re3 {[%emt 0:00:17]} Kg6 {[%emt 0:01:00]} 40. Rc7 {[%emt 0:00:23]} Rc4 {[%emt 0:00:24]} 41. Rd3 {[%emt 0:00:26]} e4 {[%emt 0:00:22]} 42. Rd6 {[%emt 0:00:34]} Ne5 {[%emt 0:00:01]} 43. Rxc4 {[%emt 0:00:14]} bxc4 {[%emt 0:00:02]} 44. Kf1 {[%emt 0:00:25]} Kg7 {[%emt 0:00:48]} 45. Ke2 {[%emt 0:00:15]} f5 {[%emt 0:00:05]} 46. Ra6 {[%emt 0:00:29]} f6 {[%emt 0:00:12]} 47. Ra7+ {[%emt 0:01:12]} Kg6 {[%emt 0:00:52]} 48. Rc7 {[%emt 0:00:47]} Kh6 {[%emt 0:00:15]} 49. Ke3 {[%emt 0:00:28]} Ng4+ {[%emt 0:01:29]} 50. Kf4 {[%emt 0:00:30]} Nxf2 {[%emt 0:00:35]} 51. Rxc4 {[%emt 0:00:36]} Kg6 {[%emt 0:00:44]} 52. Rd4 {[%emt 0:00:18]} Nd3+ {[%emt 0:00:41]} 53. Ke3 {[%emt 0:00:02]} Ne5 {[%emt 0:00:22]} 54. c4 {[%emt 0:00:29]} Kf7 {[%emt 0:00:05]} 55. c5 {[%emt 0:00:08]} Ke6 {[%emt 0:00:10]} 56. Rd8 {[%emt 0:01:20] Kd5 Kxe4+} 1-0

[Event "6th Karoun Masters Cup 2019"]
[Site "Ahvaz"]
[Date "2019.02.23"]
[Round "4.2"]
[White "Abbasifar, Hasan"]
[Black "Mosadeghpour, Masoud"]
[Result "0-1"]
[WhiteElo "2401"]
[BlackElo "2531"]
[Annotator "ChessBase"]
[PlyCount "75"]
[EventDate "2019.02.21"]
[EventType "swiss"]
[EventRounds "9"]
[EventCountry "IRI"]
[SourceTitle "playchess.com"]
[Source "ChessBase"]
[SourceQuality "1"]
[TimeControl "5400+30"]

1. d4 Nf6 {[%emt 0:04:43]} 2. Bg5 {[%emt 0:00:00]} Ne4 {[%emt 0:00:29]} 3. Bf4 {[%emt 0:00:00]} d5 {[%emt 0:00:06]} 4. e3 {[%emt 0:00:21]} c5 {[%emt 0:00:02]} 5. Bd3 {[%emt 0:00:32]} Nc6 {[%emt 0:00:40]} 6. Bxe4 {[%emt 0:05:09]} dxe4 {[%emt 0:00:17]} 7. d5 {[%emt 0:01:44]} Nb4 {[%emt 0:17:55]} 8. Nc3 {[%emt 0:00:06]} e6 {[%emt 0:00:04]} 9. d6 {[%emt 0:11:36]} Qa5 {[%emt 0:06:56]} 10. Nge2 {[%emt 0:05:10]} Nc6 {[%emt 0:04:19]} 11. Qd2 {[%emt 0:10:31]} e5 {[%emt 0:02:01]} 12. Rd1 {[%emt 0:02:56]} Bd7 {[%emt 0:10:34]} 13. Bg3 {[%emt 0:00:06]} O-O-O {[%emt 0:01:47]} 14. Nxe4 {[%emt 0:03:48]} Qb4 {[%emt 0:05:25]} 15. N2c3 {[%emt 0:11:31]} f5 {[%emt 0:02:40]} 16. a3 {[%emt 0:00:12]} Qa5 {[%emt 0:01:36]} 17. Bh4 {[%emt 0:08:02]} Re8 {[%emt 0:09:55]} 18. Ng3 {[%emt 0:03:08]} g6 {[%emt 0:00:25]} 19. O-O {[%emt 0:02:25]} h6 {[%emt 0:04:36]} 20. Be7 {[%emt 0:02:23]} Bxe7 {[%emt 0:00:20]} 21. dxe7 {[%emt 0:00:01]} Be6 {[%emt 0:00:18]} 22. Rb1 {[%emt 0:05:27]} Rxe7 {[%emt 0:00:54]} 23. b4 {[%emt 0:00:47]} cxb4 {[%emt 0:03:31]} 24. axb4 {[%emt 0:00:06]} Rd8 {[%emt 0:00:07]} 25. Qe1 {[%emt 0:08:42]} Nxb4 {[%emt 0:02:40]} 26. Ra1 {[%emt 0:00:22]} Qc5 {[%emt 0:01:48]} 27. Na4 {[%emt 0:00:30]} Qd6 {[%emt 0:02:20]} 28. Qe2 {[%emt 0:00:33]} Qa6 {[%emt 0:03:30]} 29. Qf3 {[%emt 0:12:18]} Qc6 {[%emt 0:02:55]} 30. e4 {[%emt 0:03:21]} Nxc2 {[%emt 0:00:30]} 31. Rfc1 {[%emt 0:00:29]} Rc7 {[%emt 0:00:35]} 32. Qe2 {[%emt 0:01:24]} f4 {[%emt 0:01:21]} 33. Nf1 {[%emt 0:00:18]} Kb8 {[%emt 0:01:24]} 34. h3 {[%emt 0:00:41]} Qc4 {[%emt 0:05:10]} 35. Qxc4 {[%emt 0:01:40]} Rxc4 {[%emt 0:00:07]} 36. Nb2 {[%emt 0:00:01]} Nxa1 {[%emt 0:00:37]} 37. Nxc4 {[%emt 0:00:01]} Nb3 {[%emt 0:00:13]} 38. Rc3 0-1

[Event "6th Karoun Masters Cup 2019"]
[Site "Ahvaz"]
[Date "2019.02.23"]
[Round "4.3"]
[White "Li, Bo"]
[Black "Bernadskiy, Vitaliy"]
[Result "1/2-1/2"]
[WhiteElo "2325"]
[BlackElo "2570"]
[Annotator "ChessBase"]
[PlyCount "119"]
[EventDate "2019.02.21"]
[EventType "swiss"]
[EventRounds "9"]
[EventCountry "IRI"]
[SourceTitle "playchess.com"]
[Source "ChessBase"]
[SourceQuality "1"]
[TimeControl "5400+30"]

1. d4 {[%emt 0:00:00]} Nf6 {[%emt 0:00:00]} 2. c4 {[%emt 0:00:42]} g6 {[%emt 0:00:00]} 3. Nc3 {[%emt 0:01:31]} Bg7 {[%emt 0:00:00]} 4. g3 {[%emt 0:05:17]} O-O {[%emt 0:01:33]} 5. Bg2 {[%emt 0:00:46]} d6 {[%emt 0:00:20]} 6. Nf3 {[%emt 0:01:57]} c6 {[%emt 0:00:13]} 7. O-O {[%emt 0:01:45]} Bf5 {[%emt 0:00:02]} 8. Qb3 {[%emt 0:05:01]} Qc8 {[%emt 0:01:46]} 9. Bf4 {[%emt 0:08:32]} Na6 {[%emt 0:00:32]} 10. Rac1 {[%emt 0:02:30]} Re8 {[%emt 0:00:21]} 11. Rfd1 {[%emt 0:06:30]} h6 {[%emt 0:04:23]} 12. Qa3 {[%emt 0:05:50]} Nc7 {[%emt 0:04:40]} 13. b4 {[%emt 0:05:04]} g5 {[%emt 0:02:28]} 14. Bd2 {[%emt 0:04:23]} e5 {[%emt 0:02:14]} 15. d5 {[%emt 0:06:02]} cxd5 {[%emt 0:00:55]} 16. Nxd5 {[%emt 0:04:35]} Ncxd5 {[%emt 0:00:13]} 17. cxd5 {[%emt 0:00:04]} Qd7 {[%emt 0:00:07]} 18. Qb3 {[%emt 0:02:39]} Be4 {[%emt 0:03:10]} 19. Ne1 {[%emt 0:00:54]} Bxg2 {[%emt 0:00:31]} 20. Nxg2 {[%emt 0:01:01]} Qb5 {[%emt 0:07:10]} 21. Qc4 {[%emt 0:02:52]} Qxc4 {[%emt 0:10:19]} 22. Rxc4 {[%emt 0:00:02]} Nxd5 {[%emt 0:00:06]} 23. Be1 {[%emt 0:08:24]} Nb6 {[%emt 0:01:24]} 24. Rc7 {[%emt 0:00:05]} d5 {[%emt 0:01:46]} 25. Rxb7 {[%emt 0:04:23]} d4 {[%emt 0:01:40]} 26. h4 {[%emt 0:02:06]} Rec8 {[%emt 0:02:05]} 27. hxg5 {[%emt 0:01:04]} hxg5 {[%emt 0:00:04]} 28. e3 {[%emt 0:02:19]} Rc2 {[%emt 0:00:27]} 29. exd4 {[%emt 0:00:45]} exd4 {[%emt 0:03:04]} 30. Bd2 {[%emt 0:02:10]} Bf6 {[%emt 0:00:51]} 31. Ne1 {[%emt 0:01:38]} Rxa2 {[%emt 0:00:07]} 32. Nf3 {[%emt 0:00:11]} g4 {[%emt 0:03:13]} 33. Nh2 {[%emt 0:01:12]} Rd8 {[%emt 0:03:15]} 34. Nxg4 {[%emt 0:00:08]} Bg7 {[%emt 0:00:06]} 35. Bh6 {[%emt 0:05:05]} Nc4 {[%emt 0:13:19]} 36. Rc7 {[%emt 0:01:57]} Rc2 {[%emt 0:11:27]} 37. Bxg7 {[%emt 0:00:52]} Kxg7 {[%emt 0:00:04]} 38. Ne5 {[%emt 0:00:25]} Nb2 {[%emt 0:00:13]} 39. Rxd4 {[%emt 0:03:25]} Rxd4 {[%emt 0:00:21]} 40. Rxc2 {[%emt 0:00:05]} Rxb4 {[%emt 0:00:11]} 41. Rc7 {[%emt 0:01:18]} Kf6 {[%emt 0:00:51]} 42. f4 {[%emt 0:00:26]} a5 {[%emt 0:00:41]} 43. Rxf7+ {[%emt 0:00:22]} Ke6 {[%emt 0:00:01]} 44. Ra7 {[%emt 0:00:43]} a4 {[%emt 0:00:04]} 45. Kg2 {[%emt 0:00:58]} Kd5 {[%emt 0:03:22]} 46. Kf3 {[%emt 0:00:52]} Rb3+ {[%emt 0:00:02]} 47. Kg4 {[%emt 0:00:31]} a3 {[%emt 0:00:10]} 48. Ra5+ {[%emt 0:00:40]} Ke4 {[%emt 0:00:04]} 49. f5 {[%emt 0:01:43]} Nd1 {[%emt 0:11:42]} 50. Nc4 {[%emt 0:00:39]} Nf2+ {[%emt 0:01:02]} 51. Kh4 {[%emt 0:00:10]} Rb8 {[%emt 0:00:09]} 52. Rxa3 {[%emt 0:01:01]} Rb4 {[%emt 0:00:51]} 53. Ne3 {[%emt 0:01:09]} Nd3 {[%emt 0:01:02]} 54. Rxd3 {[%emt 0:01:22]} Kxd3+ {[%emt 0:00:04]} 55. Ng4 {[%emt 0:00:10]} Ke4 {[%emt 0:00:11]} 56. Kg5 {[%emt 0:00:05]} Kf3 {[%emt 0:00:42]} 57. Ne5+ {[%emt 0:01:06]} Kxg3 {[%emt 0:00:12]} 58. f6 {[%emt 0:00:16]} Rf4 {[%emt 0:00:04]} 59. f7 {[%emt 0:00:10]} Rxf7 {[%emt 0:00:04]} 60. Nxf7 1/2-1/2

[Event "6th Karoun Masters Cup 2019"]
[Site "Ahvaz"]
[Date "2019.02.23"]
[Round "4.4"]
[White "Kreisl, Robert"]
[Black "Khademi, Mohammad Miran"]
[Result "1/2-1/2"]
[WhiteElo "2424"]
[BlackElo "2298"]
[Annotator "NA"]
[PlyCount "29"]
[EventDate "2019.02.21"]
[EventType "swiss"]
[EventRounds "9"]
[EventCountry "IRI"]
[SourceTitle "playchess.com"]
[Source "ChessBase"]
[SourceQuality "1"]
[TimeControl "5400+30"]

1. d4 {[%emt 0:00:00]} g6 {[%emt 0:00:03]} 2. e4 {[%emt 0:01:37]} Bg7 {[%emt 0:00:17]} 3. c4 {[%emt 0:01:26]} c5 {[%emt 0:02:27]} 4. Nf3 {[%emt 0:00:09]} d6 {[%emt 0:00:20]} 5. Nc3 {[%emt 0:00:17]} cxd4 {[%emt 0:03:10]} 6. Nxd4 {[%emt 0:00:04]} Nc6 {[%emt 0:00:09]} 7. Be3 {[%emt 0:00:03]} Nf6 {[%emt 0:02:39]} 8. Be2 {[%emt 0:00:07]} h5 {[%emt 0:02:51]} 9. h3 {[%emt 0:07:17]} O-O {[%emt 0:14:44]} 10. O-O {[%emt 0:05:42]} Nd7 {[%emt 0:08:37]} 11. Rc1 {[%emt 0:14:39]} a5 {[%emt 0:06:19]} 12. Ndb5 {[%emt 0:06:34]} Nc5 {[%emt 0:07:30]} 13. f4 {[%emt 0:02:42]} b6 {[%emt 0:00:30]} 14. Qd2 {[%emt 0:03:33]} Bb7 {[%emt 0:04:06]} 15. Bf3 {[%emt 0:09:23]} 1/2-1/2